| 000 | 00596nam a2200181 i 4500 | ||
|---|---|---|---|
| 001 | 26104 | ||
| 003 | ES-MaACL | ||
| 005 | 20230906153403.0 | ||
| 007 | t| | ||
| 008 | 030107s1960 ag ||||1| spa d | ||
| 100 | 1 |
_aArnold, Franz Xaver. _923107 |
|
| 245 | 1 | 0 |
_aAl servicio de la Fe _b: ensayo de pastoral catequística / _cFranz Xaver Arnold ; [versión española de Casiano Floristán Samanes]. |
| 260 |
_aBuenos Aires : _bHerder, _c1960. |
||
| 300 |
_a82 p. ; _c22 cm. |
||
| 650 | 0 | 4 |
_aFe. _912734 |
| 700 | 1 |
_aFloristán, Casiano ( _d1926-2006) _951340 |
|
| 852 |
_aES-MaACL _jC-18870 _bR.46399 |
||
| 999 |
_c26104 _d26104 |
||